[Event "Penang op-B 15th"]
[Site "Penang"]
[Date "2023.12.19"]
[Round "3"]
[White "Roy, Marpaung"]
[Black "Yeoh, Ming Xun Mason"]
[Result "1-0"]
[WhiteElo "1908"]
[BlackElo "1328"]
[PlyCount "76"]
[EventDate "2023.12.18"]
[EventType "swiss"]
[EventRounds "9"]
[EventCountry "MAS"]
[SourceTitle "EXT 2025"]
[Source "ChessBase"]
[SourceDate "2024.10.14"]
[SourceVersion "1"]
[SourceVersionDate "2024.10.14"]
[SourceQuality "1"]

1. e4 c5 2. Nf3 d6 3. d4 cxd4 4. Nxd4 Nf6 5. Nc3 g6 6. Be3 Bg7 7. f3 0-0 8. Bc4 Nc6 9. Qd2 Ne5 10. Bb3 Bd7 11. 0-0-0 Rc8 12. Kb1 Nc4 13. Bxc4 Rxc4 14. g4 b5 15. b3 Rc8 16. Ndxb5 Bxb5 17. Nxb5 Rb8 18. a4 Qd7 19. Bd4 Rfc8 20. Bb2 a6 21. Na3 Ne8 22. Bxg7 Kxg7 23. Ka2 Rc7 24. h4 h6 25. Kb2 Rcb7 26. Ka2 Rc7 27. c4 Rbb7 28. h5 g5 29. f4 f6 30. e5 Qxg4 31. Qc2 f5 32. fxg5 hxg5 33. Rhg1 Qxh5 34. Qxf5 Qh2+ 35. Nc2 Nf6 36. exf6+ exf6 37. Rxd6 Qh7 38. Rgd1 Rf7 1-0